East timor indonesian ocupation and genocide
Wedi'i Gadw mewn:
| Prif Awdur: | |
|---|---|
| Fformat: | Llyfr |
| Iaith: | Saesneg |
| Cyhoeddwyd: |
Oporto
Oporto University
1992
|
| Pynciau: | |
| Tagiau: |
Ychwanegu Tag
Dim Tagiau, Byddwch y cyntaf i dagio'r cofnod hwn!
|
MARC
| LEADER | 00000nam a2200000 a 4500 | ||
|---|---|---|---|
| 001 | UCX5863 | ||
| 003 | CL-VaPUC | ||
| 008 | 930121e19920000PO |||||||||||||||||eng|d | ||
| 082 | 0 | 4 | |a 959.8 |b BAR |2 21 |
| 100 | 0 | |a Barbedo de Magalhaes, Antonio |e author |9 322226 | |
| 245 | 1 | 0 | |a East timor indonesian ocupation and genocide |
| 300 | |a 75 p | ||
| 942 | |c BK | ||
| 945 | |d 19930121 00:00:00 | ||
| 260 | |a Oporto |b Oporto University |c 1992 | ||
| 651 | 7 | |a INDONESIA |2 CL-VaPUC |9 322227 | |
| 583 | |a last modification |c 19930121 00:00:00 |k Rodrigo Vera | ||
| 999 | |c 226013 |d 226011 | ||
| 952 | |0 0 |1 0 |4 0 |6 959_800000000000000_BAR_1992 |7 0 |8 A |9 224026 |a BIBHIS |b BIBHIS |d 2019-11-15 |i 2928469 |o 959.8 BAR 1992 |p 2928469 |r 2025-01-20 |w 2019-11-15 |y BK |k HIS | ||